| LDR | | 00000nam k2200205 c 4500 |
| 001 | | 000000178481 |
| 005 | | 20140407140617 |
| 007 | | ta |
| 008 | | 120727s2008 ulk 001a bkor |
| 020 | |
▼a 9788958913832
▼g 93180:
▼c \12000 |
| 040 | |
▼a 248032
▼c 248032
▼d 248032 |
| 041 | 1 |
▼a kor
▼h eng |
| 049 | 0 |
▼l EM85504 |
| 056 | |
▼a 180.99
▼2 4 |
| 090 | |
▼a 180.99
▼b T511ㅋ |
| 100 | 1 |
▼a Thorne, Brian |
| 245 | 20 |
▼a (인간중심치료의 창시자)칼 로저스 /
▼d Brian Thorne 지음 ;,
▼e 이영희,
▼e 박외숙,
▼e 고향자 [공]옮김. |
| 260 | |
▼a 서울 :
▼b 학지사,
▼c 2008. |
| 300 | |
▼a 301 p. ;
▼c 23 cm. |
| 440 | 00 |
▼a 상담과 심리치료 주요인물 시리즈 ;
▼v 10 |
| 504 | |
▼a 참고문헌(p. 281-293)과 색인(p. 295-301) 수록 |
| 507 | 10 |
▼t Carl Rogers |
| 653 | |
▼a 로저스
▼a 상담
▼a 심리치료
▼a 인간중심치료 |
| 700 | 1 |
▼a 이영희 |
| 700 | 1 |
▼a 박외숙 |
| 700 | 1 |
▼a 고향자 |
| 900 | 11 |
▼a 숀, 브라이언 |
| 950 | 0 |
▼b \12000 |
| 990 | |
▼a 관리자2
▼b 관리자2 |